000 00726nam a2200217Ia 4500
008 191130s2006##################000#0#eng##
020 _a9780007277858
040 _aACL
_cACL
082 _a649.122 MOT
100 _aMotha, Gowri
245 _aGentle first year : the essential guide to mother and baby wellbeing in the first twelve months
_cGowri Motha & Karen Swan Macleod
260 _aLondon
_bHarper Thorsons
_c2006
300 _axiii, 322 p. : ill. ; 22 cm
500 _aIncludes bibliographical references and index
650 _aInfants - Care
650 _aMothers - Health and hygiene
700 _aMacLeod, Karen Swan
990 _a5130e68fac10000c4187a17d441a590a
991 _a89863
999 _c193005
_d193005